000 00601nam a22001937a 4500
999 _c1102
_d1102
003 AR-CdUCM
008 190226b ||||| |||| 00| 0 spa d
040 _aMUNICIPALIDAD PROVINCIAL DEL CUSCO
_cBIBLIOTECA MUNICIPAL DEL CUSCO
082 _a928 /
_bL83
100 _aLohmann Villena, Guillermo
_94296
245 _aPedro de Peralta /
_aPablo de Olavide /
260 _aPerú :
_bUniversitaria ;
_c1964.
300 _a104 páginas
_c19cm
440 _aBiblioteca Hombres del Perú
_n2
_94297
505 _aBiografías
650 _abiografías
_9148
942 _2ddc
_cLIBROS
945 _anom
_d2019-02-26